000 00540nam a22001817a 4500
003 AM-YeHGA
005 20250617154556.0
008 181031s ||||| |||| 00| 0 rus d
040 _aAM-YeHGA
041 0 _arus
100 1 _aЖорницкая, Мария Яковлевна
245 1 0 _aЯкутские танцы /
_cМ.Я. Жорницкая.
260 _aЯкутск :
_bКн. изд-во,
_c1956.
300 _a108 с. :
_bил., нот.
653 0 _aЯкутские танцы
942 _2udc
_cBK
090 _c417287
999 _c414956
_d414956